The princess and the pea (Registo nº 1125)

Detalhes MARC
000 -Etiqueta do registo
Cabeçalho 00734nam0a2200253 4500
005 - Identificador da versão
Campo de controlo 20240813121826.0
010 ## - Número internacional normalizado dos livros (ISBN)
Número (ISBN) 9780194225526
100 ## - Dados gerais de processamento
Dados gerais de processamento 20170505d2004 d y0pory5003 ba
102 ## - Pais de publicação ou produção
País de publicação Reino Unido
101 0# - Língua de publicação
Língua do texto, banda sonora, etc. Inglês
215 ## - Descrição física 
Indicação específica da natureza do documento e extensão da espécie 23, [1] p.
Outras indicações físicas il. color
200 1# - Titulo e menção de responsabilidade
Título próprio The princess and the pea
Primeira menção de responsabilidade retold by Sue Arengo
Outras menções de responsabilidade il. Andy Catling
225 2# - Colecção 
Título próprio da colecção Classic Tales
Nome de uma parte ou secção Beginner 1
205 ## - Menção da edição
Menção da edição
210 ## - Publicação, Distribuição, etc. 
Lugar da edição, distribuição, etc. Oxford
Nome do editor, distribuidor, etc. Oxford University Press
Data da publicação, distribuição, etc. 2013
606 ## - Nome comum usado como assunto
Número de registo de entrada de autoridade 0003147
Palavra de ordem Literatura em língua inglesa
Subdivisão de assunto Conto
Código do sistema CA
675 ## - Classificação Decimal Universal (CDU)
Notação 821.111-34=111
Edição 3ª ed.
Língua da edição por
702 #1 - Nome de autor-pessoa física (responsabilidade secundária)
Número de registo de entrada de autoridade 0001519
Palavra de ordem Arengo
Outra parte do nome não tomada para palavra de ordem Sue
Código de função Adaptador
Número de registo de entrada de autoridade 0001520
Palavra de ordem Catling
Outra parte do nome não tomada para palavra de ordem Andy
Código de função Ilustrador / Técnico de desenho computorizado
966 ## - Identificação da Biblioteca
Sigla EB2,3ENM
942 ## - Elementos de entrada adicionados (Koha)
Tipo de item no Koha Livro
Exemplares
Situação do levantamento Origin of item (home branch) (coded) Biblioteca de empréstimo Código de barras Circulation type (not for loan) Tipo de documento Nota do exemplar Damaged status
  Biblioteca Escolar Eng. Nuno Mergulhão Biblioteca Escolar Eng. Nuno Mergulhão BENM2045   Livro Sem mensagem